000 00275nam a22001217a 4500
008 170426b xxu||||| |||| 00| 0 eng d
041 _aeng
080 _a543
100 _a12
101 _aSHM
245 _aCHELATES IN ANALYTICAL CHEMISTRY
_cFLASCHKA, H.A
942 _2udc
_cBK
999 _c12057
_d12057